000 00473 a2200157 4500
999 _c4441
_d4441
020 _a9780409313338
050 _aKF1249 LUN 2002
100 _aLuntz, Harold
_eAuthor
245 _aTorts :
_bcases and commentary /
_cby Harold Luntz and David Hambly
264 _aChatswood:
_bLexisNexis Butterworths,
_c2002
300 _a1026p. :
500 _aIncludes index
650 _aTorts
700 _aHambly, David
_eAuthor
_qDavid Hambly
942 _2lcc
_cBK
_e5th ed.
_h1249
_iLUN
_kKF